City of Djinns : (Record no. 174542)

000 -LEADER
fixed length control field 01058nam a2200337 a 4500
001 - CONTROL NUMBER
control field 3957002
003 - CONTROL NUMBER IDENTIFIER
control field Nust
005 - DATE AND TIME OF LATEST TRANSACTION
control field 20220223140028.0
008 - FIXED-LENGTH DATA ELEMENTS--GENERAL INFORMATION
fixed length control field 940223s1993 ii ab b 001 0 eng
010 ## - LIBRARY OF CONGRESS CONTROL NUMBER
LC control number 93908520
020 ## - INTERNATIONAL STANDARD BOOK NUMBER
International Standard Book Number 9780143031062
025 ## - OVERSEAS ACQUISITION NUMBER
Overseas acquisition number I-E-72771
038 ## - RECORD CONTENT LICENSOR
Staff Name Arshad
040 ## - CATALOGING SOURCE
Original cataloging agency DLC
Transcribing agency DLC
042 ## - AUTHENTICATION CODE
Authentication code lcode
043 ## - GEOGRAPHIC AREA CODE
Geographic area code a-ii---
050 00 - LIBRARY OF CONGRESS CALL NUMBER
Classification number DS486.D3
Item number D27 1993
082 00 - DEWEY DECIMAL CLASSIFICATION NUMBER
Classification number 954.56052
Author Mark DAL
100 1# - MAIN ENTRY--PERSONAL NAME
Personal name Dalrymple, William.
9 (RLIN) 89436
245 10 - TITLE STATEMENT
Title City of Djinns :
Remainder of title a year of Delhi /
Statement of responsibility, etc. William Dalrymple ; illustrations by Olivia Fraser.
260 ## - PUBLICATION, DISTRIBUTION, ETC.
Place of publication, distribution, etc. New Delhi :
Name of publisher, distributor, etc. Indus :
-- HarperCollins Publishers,
Date of publication, distribution, etc. 1993.
300 ## - PHYSICAL DESCRIPTION
Extent 350 p. :
Dimensions 24 cm.
500 ## - GENERAL NOTE
General note Map on lining papers.
504 ## - BIBLIOGRAPHY, ETC. NOTE
Bibliography, etc. note Includes bibliographical references (p. 344-347) and index.
563 ## - BINDING INFORMATION
Binding note PBK
651 #0 - SUBJECT ADDED ENTRY--GEOGRAPHIC NAME
Geographic name Delhi (India)
General subdivision Description and travel.
9 (RLIN) 89437
651 #0 - SUBJECT ADDED ENTRY--GEOGRAPHIC NAME
Geographic name Delhi (India)
General subdivision Social life and customs.
9 (RLIN) 89438
906 ## - LOCAL DATA ELEMENT F, LDF (RLIN)
a 7
b cbc
c origode
d 3
e ncip
f 19
g y-gencatlg
942 ## - ADDED ENTRY ELEMENTS (KOHA)
Source of classification or shelving scheme
Koha item type Book
Holdings
Withdrawn status Lost status Source of classification or shelving scheme Damaged status Not for loan Permanent Location Current Location Shelving location Date acquired Total Checkouts Total Renewals Full call number Barcode Checked out Date last seen Date last checked out Copy number Price effective from Koha item type
          Central Library (CL) Central Library (CL) Fiction 01/31/2017 6 1 954.56052 DAL CL644 12/27/2025 11/27/2025 11/27/2025 1 01/31/2017 Book
© 2023 Central Library, National University of Sciences and Technology. All Rights Reserved.